LEADER 01989nam 22006494a 450 001 9910455623703321 005 20200520144314.0 010 $a1-280-08440-5 010 $a9786610084401 010 $a0-585-46127-9 035 $a(CKB)111087027993838 035 $a(OCoLC)52722336 035 $a(CaPaEBR)ebrary10070379 035 $a(SSID)ssj0000086302 035 $a(PQKBManifestationID)11121509 035 $a(PQKBTitleCode)TC0000086302 035 $a(PQKBWorkID)10029599 035 $a(PQKB)11699871 035 $a(MiAaPQ)EBC3050759 035 $a(Au-PeEL)EBL3050759 035 $a(CaPaEBR)ebr10070379 035 $a(CaONFJC)MIL8440 035 $a(OCoLC)922951704 035 $a(EXLCZ)99111087027993838 100 $a20010706d2001 uy 0 101 0 $aeng 135 $aurcn||||||||| 181 $ctxt 182 $cc 183 $acr 200 10$aDevelopment finance institutions$b[electronic resource] $emeasuring their subsidy /$fMark Schreiner, Jacob Yaron 210 $aWashington, D.C. $cWorld Bank$d2001 215 $a1 online resource (116 p.) 225 1 $aDirections in development 300 $aBibliographic Level Mode of Issuance: Monograph 311 $a0-8213-4984-8 320 $aIncludes bibliographical references (p. 90-100). 410 0$aDirections in development (Washington, D.C.) 606 $aDevelopment credit corporations 606 $aDevelopment banks 606 $aSubsidies 606 $aExternalities (Economics) 608 $aElectronic books. 615 0$aDevelopment credit corporations. 615 0$aDevelopment banks. 615 0$aSubsidies. 615 0$aExternalities (Economics) 676 $a332.2/8 700 $aSchreiner$b Mark$f1969-$0909175 701 $aYaron$b Jacob$0119090 801 0$bMiAaPQ 801 1$bMiAaPQ 801 2$bMiAaPQ 906 $aBOOK 912 $a9910455623703321 996 $aDevelopment finance institutions$92033637 997 $aUNINA LEADER 02379oam 2200685 450 001 9910716035303321 005 20211014130126.0 024 8 $a44-493 035 $a(CKB)5470000002517754 035 $a(OCoLC)1252217887 035 $a(EXLCZ)995470000002517754 100 $a20210521d2021 ua 0 101 0 $aeng 135 $aur||||||||||| 181 $ctxt$2rdacontent 182 $cc$2rdamedia 183 $acr$2rdacarrier 200 10$aState of the U.S. maritime industry $eimpacts of the COVID-19 pandemic : remote hearing before the Subcommittee on Coast Guard and Maritime Transportation of the Committee on Transportation and Infrastructure, House of Representatives, One Hundred Seventeenth Congress, first session, February 9, 2021 210 1$aWashington :$cU.S. Government Publishing Office,$d2021. 215 $a1 online resource (xi, 92 pages) $ccolor illustrations, color maps 300 $aAccess ID (govinfo): CHRG-117hhrg44493. 300 $a"117-2." 320 $aIncludes bibliographical references. 517 $aState of the U.S. maritime industry 606 $aMerchant marine$zUnited States 606 $aCOVID-19 Pandemic, 2020-$zUnited States 606 $aShipping$zUnited States$xEmployees 606 $aShipping$zUnited States$xSafety measures 606 $aShipbuilding industry$zUnited States 606 $aHarbors$zUnited States 606 $aHarbors$2fast 606 $aMerchant marine$2fast 606 $aShipbuilding industry$2fast 606 $aShipping$xEmployees$2fast 606 $aShipping$xSafety measures$2fast 607 $aUnited States$2fast 608 $aLegislative hearings.$2fast 608 $aLegislative hearings.$2lcgft 615 0$aMerchant marine 615 0$aCOVID-19 Pandemic, 2020- 615 0$aShipping$xEmployees. 615 0$aShipping$xSafety measures. 615 0$aShipbuilding industry 615 0$aHarbors 615 7$aHarbors. 615 7$aMerchant marine. 615 7$aShipbuilding industry. 615 7$aShipping$xEmployees. 615 7$aShipping$xSafety measures. 801 0$bGPO 801 1$bGPO 801 2$bOCLCO 801 2$bGPO 801 2$bOCLCF 801 2$bOCLCQ 801 2$bGPO 906 $aBOOK 912 $a9910716035303321 996 $aState of the U.S. maritime industry$93471940 997 $aUNINA LEADER 02336nam 2200637 450 001 9910297043803321 005 20230429005242.0 010 $a1-5261-3774-7 024 7 $a10.7765/9781526137746 035 $a(CKB)4100000007276954 035 $a(NjHacI)994100000007276954 035 $a(DE-B1597)659592 035 $a(DE-B1597)9781526137746 035 $a(EXLCZ)994100000007276954 100 $a20230429d2003 uy 0 101 0 $aeng 135 $aur||||||||||| 181 $ctxt$2rdacontent 182 $cc$2rdamedia 183 $acr$2rdacarrier 200 14$aThe French party system /$fJocelyn Evans 210 1$aManchester, UK :$cManchester University Press,$d2003. 215 $a1 online resource 311 $a0-7190-6120-2 327 $aList of figures and tables; -- List of contributors; -- Acknowledgements; -- List of abbreviations; -- Introduction (Jocelyn A.J. Evans); -- 1 Stress, strain and stability in the French party system (Alistair Cole); -- I THE LEFT; -- I I THE RIGHT; -- I I I SYSTEM CONTEXT; -- Conclusion (Jocelyn A.J. Evans); -- References; -- Index. 330 $aThis book provides a complete overview of political parties in France. The social and ideological profiles of all the major parties are analysed chapter by chapter, highlighting their principal functions and dynamics within the system. This examination is. 606 $aPolitical parties 610 $aFifth Republic. 610 $aFrench party system. 610 $aFrench political culture. 610 $aWestern culture. 610 $aconservatism. 610 $adefensive democracy. 610 $aecologism. 610 $aenvironmentalism. 610 $afascism. 610 $aideological movements. 610 $aindividualism. 610 $aindustrial revolution. 610 $aliberal democracy. 610 $aliberalism. 610 $anational identity. 610 $apolitical abuse. 610 $apolitical theory. 610 $apractical state sovereignty. 610 $arepublican democracy. 610 $asocialism. 615 0$aPolitical parties. 676 $a324.2 700 $aEvans$b Jocelyn$0800717 801 0$bNjHacI 801 1$bNjHacl 906 $aBOOK 912 $a9910297043803321 996 $aFrench party system$91801998 997 $aUNINA